Memoria de las Juntas Municipales de Sanidad y Beneficiencia de Madrid acerca de la epidemia de cólera-morbo padecida en esta capital en el otoño de 1854. (Record no. 190142)

MARC details
000 -LEADER
campo de control de longitud fija 00774nam a2200169 i 4500
001 - NÚMERO DE CONTROL
campo de control 190142
003 - IDENTIFICADOR DE NÚMERO DE CONTROL
campo de control ES-MaACL
005 - FECHA Y HORA DE LA ÚLTIMA TRANSACCIÓN
campo de control 20230906223642.0
008 - DATOS DE LONGITUD FIJA--INFORMACIÓN GENERAL
campo de control de longitud fija 200902s1855 sp |||| | spa d
245 00 - MENCIÓN DEL TÍTULO
Título Memoria de las Juntas Municipales de Sanidad y Beneficiencia de Madrid acerca de la epidemia de cólera-morbo padecida en esta capital en el otoño de 1854.
260 ## - PUBLICACIÓN, DISTRIBUCIÓN, ETC.
Lugar de publicación, distribución, etc. Madrid :
Nombre del editor, distribuidor, etc. [s.n.],
Fecha de publicación, distribución, etc. 1855 (
Fabricante Oficina Tipográfica de la Junta Municipal de Beneficiencia.)
300 ## - DESCRIPCIÓN FÍSICA
Extensión 24 p., [8] h. pleg. ;
Dimensiones 23 cm.
530 ## - NOTA DISPONIBLE DE FORMULARIO FÍSICO ADICIONAL
Nota de formato físico adicional disponible Disponible en formato digital.
650 #4 - PUNTO DE ACCESO ADICIONAL DE MATERIA--TÉRMINO DE MATERIA
Término de materia o nombre geográfico como elemento de entrada Cólera-
Subdivisión geográfica Madrid.
9 (RLIN) 141887
852 4# - LOCALIZACIÓN
Ubicación ES-MaACL
Número de control de estantería T-33-F-5
856 4# - LOCALIZACIÓN Y ACCESO ELECTRÓNICOS
Identificador Uniforme de Recursos <a href="http://www.memoriademadrid.es/buscador.php?accion=VerFicha&id=306692&num_id=1&num_total=1">http://www.memoriademadrid.es/buscador.php?accion=VerFicha&id=306692&num_id=1&num_total=1</a>
Nota pública Biblioteca Digital Memoria de Madrid
Holdings
Estatus retirado Estado de pérdida Estado de daño No para préstamo Colección Biblioteca de origen Biblioteca actual Ubicación en estantería Fecha de adquisición Fuente de adquisición Total de préstamos Signatura topográfica completa Código de barras Visto por última vez Precio de reemplazo Tipo de ítem Koha
        Colección de folletos Biblioteca del Ateneo de Madrid Biblioteca del Ateneo de Madrid Depósito folletos 07/05/2005     T-33-F-5 1201851 23/02/2023 23/02/2023 Folleto